000 00959cam a22003137a 4500
003 CHAP
005 20220817043724.0
008 001020d1998 it rn 00110 eng d
010 _a82681
011 _a83653
020 _a9251041857
035 _a94168
040 _cCHAP
082 0 4 _a636.0896
_bF35 v.1
110 2 _aFAO
245 1 0 _aDrug management and parasite resistance in bovine trypanosomiasis in Africa
_c/by FAO
260 _aRome :
_bFAO,
_c1998.
300 _a31 p. :
490 0 _aPAAT.
_pTechnical and scientific series
_v; 1
590 _aBATCH-UPD
_b10
_c20130110
_lUCH01
_h1646
590 _aCONVERSION
_b10
_c20130109
_lUCH01
_h1346
650 1 4 _aGanado
_xEnfermedades.
_944909
650 1 4 _aTripanosomiasis.
_9115169
830 0 _aPAAT.
_pTechnical and scientific series
_v; 1
_984507
901 _aBK
905 _aLilia Sánchez G.
942 _cLIBRO
949 _a636.0896 F35 v.1
_bBC
_cFAO
_d33724000804142
_eFAO1
_h99000
_i94168
_sb
999 _c82681
_d82681